000
00295nam a2200121Ia 4500
008
190216s9999||||xx |||||||||||||| ||und||
100
_a
Albert Paul Malvino
245
0
_a
Electronic Principles
260
_b
Tata Mcgrawhill Publishers
_c
1973
300
_a
750p
650
_a
Physics
942
_c
BK
999
_c
32958
_d
32958